[Event "Hainaut-ch"]
[Site "Manage"]
[Date "2008.08.23"]
[Round "8.26"]
[White "Maesfranckx, Jacques"]
[Black "Devaux, Quentin"]
[Result "0-1"]
[WhiteElo "1157"]
[BlackElo "1223"]
[PlyCount "84"]
[EventDate "2008.08.23"]
[EventType "swiss"]
[EventRounds "9"]
[EventCountry "BEL"]
[SourceTitle "EXT 2024"]
[Source "ChessBase"]
[SourceDate "2023.10.10"]
[SourceVersion "1"]
[SourceVersionDate "2023.10.10"]
[SourceQuality "1"]

1. e4 c5 2. c3 d6 3. d4 cxd4 4. cxd4 Nf6 5. Nc3 g6 6. Nf3 Bg7 7. Be2 0-0 8. Be3 Ng4 9. Bd2 e5 10. h3 Nf6 11. Qc1 Re8 12. d5 Nbd7 13. Bh6 Bh8 14. Bg5 Nc5 15. 0-0 Bd7 16. Nd2 Rc8 17. Nc4 Qc7 18. Qc2 b5 19. Ne3 b4 20. Bxf6 Bxf6 21. Nb5 Qb6 22. Nc4 Qxb5 23. Nxd6 Qb6 24. Nxe8 Bxe8 25. b3 Bd7 26. Bc4 Nb7 27. Qd2 Nd6 28. Qe3 Qxe3 29. fxe3 Nxe4 30. Ba6 Rc5 31. Bb7 Kg7 32. g4 Nc3 33. d6 e4 34. a3 Ne2+ 35. Kh2 Be5+ 36. Kg2 Rc2 37. Bxe4 Nf4+ 38. Kf3 Rc3 39. axb4 Nxh3 40. Rxa7 Ng5+ 41. Ke2 Bxg4+ 42. Ke1 Nxe4 0-1